01379nam a2200301 a 450000100100000000500170001000800410002702000240006804000250009208200110011724501730012825000120030126000400031330000330035349000260038650000650041250500260047759000260050370000380052970000340056770000330060171000570063483000330069195201140072495201080083895201140094699900170106000004720020201002053436.0180417s2017 dr abc 000 0 spa d a9789945195460 (v.1) aDO-SdBNPbspacBNPHU axxbxx00aCiencias de la naturaleza 6 :beducacion primaria /ctexto Ángela Segura de Óleo... [et. al] ; ilustración Ruddy Núñez ; dirección editorial Claudia Llibre. a2a. ed. aSanto Domingo :bSantillana,c2017. av. :bil. ;c29 cm.+eCD-ROM1 aProyecto todos juntos aActualización según el nuevo diseño curricular oficial0 av.1 :tLibro de texto aInventariado, 2018/VM1 aSegura de Óleo, Ángela9748791 aNúñez, Ruddyeils.9231711 aLlibre, Claudiaedir.9304622 aEditorial Santillana (República Dominicana)97490200aProyecto todos juntos930856 0010718PDaGRbGRcHDd2018-04-24iLF1l0ov. 1, e. 3p47200-30r2020-06-25w2020-06-25yLFPDZNo se presta 0010718PDaPDbPDcHDd2018-04-24iLF1l0ov. 1p47200-10r2020-06-25w2020-06-25yLFPDZNo se presta 0010718PDaPDbPDcHDd2018-04-24iLF1l0ov. 1, e. 2p47200-20r2020-06-25w2020-06-25yLFPDZNo se presta c46688d46688